Most Common Last Names in the Philippines - Extreme - Statistics

General Stats
  • This quiz has been taken 614 times
  • The average score is 55 of 500
Answer Stats
# Answer % Correct
625,640 Dela Cruz
75%
49,551 De La Cruz
75%
267,821 Cruz
71%
37,354 Go
68%
342,746 Santos
68%
441,075 Garcia
67%
412,750 Reyes
66%
230,958 Lopez
56%
183,088 Aquino
54%
19,980 Co
54%
375,999 Ramos
53%
269,820 Fernandez
49%
293,786 Gonzales
49%
30,075 Marcos
49%
40,188 Villa
48%
220,112 Perez
46%
372,402 Mendoza
43%
139,229 Delos Santos
42%
21,698 De Los Santos
42%
108,844 Gomez
42%
58,469 Martin
42%
135,744 Hernandez
41%
143,072 Rodriguez
39%
162,886 Sanchez
38%
162,352 Torres
38%
287,465 Bautista
37%
136,449 Diaz
37%
312,186 Flores
37%
78,451 Padilla
36%
94,451 Delos Reyes
35%
18,143 De Los Reyes
35%
143,359 Martinez
35%
123,390 Tan
34%
173,686 Castro
32%
147,351 Domingo
32%
184,543 Rivera
32%
140,475 Santiago
32%
211,405 Castillo
31%
249,318 De Guzman
31%
156,537 De Leon
31%
96,874 Lim
31%
55,678 Bernardo
30%
277,730 Villanueva
30%
58,635 Estrada
29%
103,352 Gutierrez
29%
131,829 Ramirez
29%
132,416 Valdez
29%
45,585 Jose
28%
19,266 Aguinaldo
26%
22,157 Arroyo
26%
67,426 Gonzaga
26%
25,099 Lee
26%
129,957 Morales
26%
53,100 Roxas
26%
103,116 Salvador
26%
28,038 Sy
26%
33,066 Villar
26%
23,341 Ang
25%
25,780 Juan
25%
125,314 Mercado
25%
43,368 Mendez
24%
83,890 Ocampo
24%
207,840 Francisco
23%
35,693 Guzman
23%
49,801 Luna
23%
81,319 Pascua
23%
133,010 Tolentino
23%
98,106 Alvarez
22%
92,601 Cortez
22%
85,552 Enriquez
22%
54,920 Fernando
22%
94,244 Marquez
22%
113,992 Navarro
22%
30,141 Velasquez
22%
100,641 David
21%
21,176 Sotto
21%
47,832 Uy
21%
20,307 Aguila
20%
92,386 Antonio
20%
24,837 Chan
20%
51,380 Chua
20%
104,515 Javier
20%
93,181 Jimenez
20%
111,336 Manalo
20%
51,881 Pangilinan
20%
42,958 Vasquez
20%
57,346 Zamora
20%
25,477 Bonifacio
19%
79,480 De Jesus
19%
52,494 Ruiz
19%
17,187 Soria
19%
65,323 Chavez
18%
53,986 De Castro
18%
79,317 Dela Peña
18%
105,210 Del Rosario
18%
25,004 Dominguez
18%
98,478 Ferrer
18%
66,509 Ortega
18%
24,763 Rosal
18%
140,202 Soriano
18%
30,053 Alonzo
17%
50,022 Dela Torre
17%
106,507 Dizon
17%
57,008 Moreno
17%
39,649 Ong
17%
57,842 Ortiz
17%
23,988 Pangan
17%
97,168 Pascual
17%
79,797 Romero
17%
89,334 Rosales
17%
37,703 Yap
17%
121,635 Aguilar
16%
89,734 Agustin
16%
34,029 Carlos
16%
86,485 Mariano
16%
53,342 Nuñez
16%
38,383 Rosario
16%
57,176 Abad
15%
45,724 Andres
15%
75,210 Angeles
15%
41,468 Herrera
15%
40,866 Miguel
15%
21,316 Montes
15%
53,859 Panganiban
15%
21,989 Rodrigo
15%
99,921 Salazar
15%
31,050 San Juan
15%
50,812 Suarez
15%
27,732 Yu
15%
82,798 Alcantara
14%
19,068 Burgos
14%
47,256 Dela Rosa
14%
17,842 Dy
14%
23,856 Espino
14%
29,509 Geronimo
14%
101,258 Miranda
14%
35,997 Pablo
14%
85,581 Pineda
14%
21,772 San Jose
14%
27,826 Tomas
14%
79,036 Valencia
14%
104,026 Corpuz
13%
71,798 Fuentes
13%
78,863 Ignacio
13%
41,278 Silva
13%
69,507 Vargas
13%
101,374 Velasco
13%
50,481 Ali
12%
28,764 Benitez
12%
38,719 Manzano
12%
31,612 Quinto
12%
19,421 Vega
12%
55,285 Concepcion
11%
26,854 Cortes
11%
38,203 Delgado
11%
86,054 Evangelista
11%
21,390 Felipe
11%
40,849 Gamboa
11%
35,609 Guerrero
11%
88,252 Manuel
11%
44,051 Mateo
11%
64,940 Medina
11%
28,014 Peña
11%
46,021 Roque
11%
98,087 Sarmiento
11%
42,080 Toledo
11%
46,927 Abella
10%
25,330 Alejandro
10%
50,462 Austria
10%
80,898 De Vera
10%
66,599 Guevarra
10%
21,470 Hilario
10%
27,881 Jacinto
10%
71,468 Legaspi
10%
18,358 Roa
10%
66,516 Samson
10%
57,666 Trinidad
10%
58,145 Acosta
9%
33,836 Aguirre
9%
31,394 Alfonso
9%
59,769 Atienza
9%
50,517 Avila
9%
40,063 Bartolome
9%
34,651 Blanco
9%
69,376 Cabrera
9%
47,019 Duran
9%
66,738 Espinosa
9%
40,385 Estrella
9%
44,247 Gabriel
9%
41,891 Galvez
9%
26,182 Lacson
9%
22,279 Muñoz
9%
41,775 Natividad
9%
28,640 Ponce
9%
55,332 Robles
9%
57,840 Sison
9%
57,007 Valenzuela
9%
51,780 Vicente
9%
23.894 Alba
8%
19,525 Alberto
8%
17,112 Araneta
8%
60,126 Arellano
8%
57,251 Asuncion
8%
54,322 Borja
8%
33,562 Cervantes
8%
20,339 Dalisay
8%
18,165 Dela Vega
8%
18,772 Delima
8%
74,743 Espiritu
8%
37,013 Esteban
8%
67,984 Fajardo
8%
53,753 Galang
8%
32,343 Guillermo
8%
25,078 Lucas
8%
21,059 Madrid
8%
65,980 Molina
8%
43,386 Nicolas
8%
25,389 Rojas
8%
18,791 Sandoval
8%
45,427 Sevilla
8%
47,905 Solis
8%
59,007 Villegas
8%
18,439 Andrada
7%
21,086 Bernardino
7%
28,395 Buenaventura
7%
31,069 Campos
7%
31,048 Constantino
7%
32,365 Cristobal
7%
26,467 Del Mundo
7%
26,729 De Luna
7%
30,453 Franco
7%
54,648 Gregorio
7%
38,713 Ibañez
7%
18,079 Jacob
7%
29,993 Lazaro
7%
42,419 Lorenzo
7%
41,705 Marasigan
7%
38,642 Marcelo
7%
20,231 Montemayor
7%
31,563 Montero
7%
25,508 Oliva
7%
48,920 Pepito
7%
29,492 Rubio
7%
18,529 Salonga
7%
25,258 Sebastian
7%
65,615 Serrano
7%
31,244 Umali
7%
42,474 Ventura
7%
22,875 Alvarado
6%
21,229 Belen
6%
30,256 Calderon
6%
42,085 Cordero
6%
18,536 De Villa
6%
38,418 Gallardo
6%
27,260 Ledesma
6%
62,018 Palma
6%
18,892 Paz
6%
70,724 Peralta
6%
40,015 Sales
6%
25,044 Sali
6%
26,144 Salinas
6%
24,561 Samonte
6%
24,109 Solomon
6%
60,536 Tamayo
6%
78,696 Vergara
6%
27,857 Vidal
6%
56,065 Villamor
6%
31,719 Abalos
5%
41,876 Abdul
5%
21,054 Alarcon
5%
20,398 Andal
5%
23,605 Aragon
5%
36,220 Baltazar
5%
20,905 Barrios
5%
44,327 Beltran
5%
18,026 Benito
5%
20,082 Bermudez
5%
34,705 Bueno
5%
33,361 Bustamante
5%
56,291 Caballero
5%
35,200 Camacho
5%
71,377 Cañete
5%
36,508 Carpio
5%
29,506 Cordova
5%
19,564 De Ocampo
5%
46,068 Esguerra
5%
18,155 Julian
5%
33,914 Lozano
5%
39,403 Lucero
5%
54,125 Magbanua
5%
50,241 Magno
5%
22,381 Pacheco
5%
32,358 Prado
5%
23,946 Romano
5%
27,845 Salas
5%
35,255 Salcedo
5%
17,751 Solano
5%
19,051 Villafuerte
5%
43,852 Ybañez
5%
19,670 Alegre
4%
27,398 Andrade
4%
22,643 Basco
4%
33,537 Bernal
4%
65,211 Briones
4%
37,920 Cariño
4%
36,507 Carreon
4%
23,189 Castañeda
4%
24,320 Castor
4%
24,773 Cayabyab
4%
29,718 Cinco
4%
29,253 Crisostomo
4%
23,732 Cuizon
4%
43,331 Cunanan
4%
39,768 Custodio
4%
22,680 De Mesa
4%
17,527 Encarnacion
4%
25,109 Espina
4%
18,899 Figueroa
4%
17,270 Gatchalian
4%
36,977 Ilagan
4%
21,935 Lara
4%
35,790 Lozada
4%
46,677 Mahinay
4%
21,956 Malabanan
4%
18,199 Mama
4%
18,938 Manabat
4%
17,381 Mayo
4%
17,625 Mina
4%
35,271 Padua
4%
23,028 Paras
4%
17,752 Paredes
4%
19,052 Recto
4%
29,083 Rico
4%
31,773 Santillan
4%
22,679 Tecson
4%
36,543 Tuazon
4%
21,848 Villaflor
4%
25,685 Villareal
4%
19,503 Abas
3%
17,377 Acuña
3%
33,954 Andaya
3%
33,260 Arevalo
3%
27,281 Asis
3%
28,272 Ballesteros
3%
26,458 Bello
3%
28,580 Bernabe
3%
37,937 Canlas
3%
18,312 Capistrano
3%
20,226 Coronel
3%
20,273 De Chavez
3%
21,917 Dela Cerna
3%
29,427 Delfin
3%
19,762 Dimaano
3%
23,272 Guinto
3%
22,683 Hipolito
3%
19,039 Imperial
3%
21,770 Junio
3%
20,301 Lao
3%
17,666 Magpantay
3%
56,900 Mallari
3%
19,067 Maranan
3%
29,252 Mejia
3%
17,493 Mendiola
3%
17,800 Paraiso
3%
23,784 Pilapil
3%
22,564 Pimentel
3%
25,555 Quiambao
3%
18,665 Quiñones
3%
23,826 Raymundo
3%
17,809 Rivas
3%
27,310 Roldan
3%
32,841 Sabado
3%
22,492 Santa Ana
3%
40,058 Usman
3%
17,927 Valerio
3%
24,811 Villarin
3%
21,667 Villaruel
3%
29,474 Viray
3%
20,020 Zapanta
3%
39,289 Abdullah
2%
22,539 Adriano
2%
20,466 Alejo
2%
17,358 Alfaro
2%
42,521 Ancheta
2%
17,652 Arceo
2%
23,904 Arcilla
2%
17,966 Bacus
2%
24,621 Basa
2%
26,648 Borromeo
2%
18,281 Cabahug
2%
20,786 Cano
2%
29,351 Canoy
2%
18,260 Carandang
2%
20,166 Carillo
2%
20,926 Casas
2%
28,175 Clemente
2%
34,129 Cuevas
2%
18,638 Decena
2%
17,345 De Torres
2%
24,291 Dionisio
2%
29,505 Eugenio
2%
24,344 Gallego
2%
21,303 Gaspar
2%
18,249 Ismael
2%
32,663 Labrador
2%
22,161 Landicho
2%
27,379 Magallanes
2%
17,944 Magsino
2%
17,267 Mahusay
2%
26,377 Manansala
2%
24,933 Mangubat
2%
20,576 Marcelino
2%
27,782 Matias
2%
25,534 Mohammad
2%
17,405 Mojica
2%
19,972 Murillo
2%
19,565 Nepomuceno
2%
18,084 Nolasco
2%
31,832 Oliveros
2%
17,123 Osorio
2%
32,553 Panes
2%
21,088 Patricio
2%
23,958 Pelayo
2%
18,361 Policarpio
2%
28,995 Punzalan
2%
17,715 Regala
2%
17,456 Regalado
2%
17,684 Rojo
2%
32,575 Ronquillo
2%
18,236 Saavedra
2%
26,833 Sayson
2%
20,987 Verano
2%
17,709 Villena
2%
20,668 Advincula
1%
18,896 Amante
1%
21,393 Añonuevo
1%
32,042 Apostol
1%
33,744 Baguio
1%
17,408 Baluyot
1%
26,033 Barrientos
1%
24,608 Basilio
1%
30,976 Baylon
1%
19,780 Belarmino
1%
19,868 Billones
1%
26.283 Bondoc
1%
24,919 Calma
1%
17,550 Centeno
1%
25,976 Conde
1%
27,666 De Asis
1%
18,000 Donato
1%
32,068 Dulay
1%
26,853 Feliciano
1%
17,559 Florendo
1%
18,043 Fontanilla
1%
25,250 Frias
1%
19,212 Hassan
1%
19,279 Ibrahim
1%
17,716 Jumawan
1%
23,937 Lachica
1%
19,381 Liwanag
1%
20,468 Macaraeg
1%
18,251 Madriaga
1%
30,920 Malinao
1%
29,808 Malta
1%
19,489 Manlangit
1%
19,370 Meneses
1%
24,263 Musa
1%
24,077 Narciso
1%
21,984 Neri
1%
22,873 Omar
1%
18,089 Pancho
1%
18,358 Pasion
1%
22,682 Porras
1%
30,177 Quijano
1%
24,204 Sultan
1%
20,275 Sunga
1%
24,175 Tenorio
1%
25,642 Teves
1%
18,028 Tobias
1%
24,454 Viernes
1%
20,789 Ariola
0%
19,221 Bacani
0%
21,937 Bravo
0%
19,189 Cariaga
0%
25,208 Catalan
0%
25,879 Collado
0%
24,090 Española
0%
21,791 Galicia
0%
25,604 Laurente
0%
19,699 Mahilum
0%
19,391 Manalang
0%
23,457 Medrano
0%
19,373 Paglinawan
0%
24,425 Plaza
0%
22,456 Sagun
0%
20,170 Silvestre
0%
24,571 Tejada
0%
18,754 Urbano
0%
17,786 Viloria
0%
18,921 Zabala
0%
No matching quizzes found
Score Distribution
Percent of People with Each Score
Percentile by Number Answered
Your Score History
You have not taken this quiz